Complexity and social work (Record no. 1851175)

MARC details
000 -LEADER
fixed length control field 00521nam a22001937a 4500
005 - DATE AND TIME OF LATEST TRANSACTION
control field 20260511123949.0
008 - FIXED-LENGTH DATA ELEMENTS--GENERAL INFORMATION
fixed length control field 260511b |||||||| |||| 00| 0 eng d
037 ## - SOURCE OF ACQUISITION
Terms of availability DSWL
040 ## - CATALOGING SOURCE
Original cataloging agency DSWL
Transcribing agency DSWL
041 ## - LANGUAGE CODE
Language code of original eng
084 ## - COLON CLASSIFICATION NUMBER
Classification number YX Q8
100 ## - MAIN ENTRY--PERSONAL NAME
Personal name Ewijk, Hans Van
9 (RLIN) 1238964
245 ## - TITLE STATEMENT
Title Complexity and social work
260 ## - PUBLICATION, DISTRIBUTION, ETC.
Place of publication, distribution, etc. London,
Name of publisher, distributor, etc. Routledge Publication,
Date of publication, distribution, etc. 2018
300 ## - PHYSICAL DESCRIPTION
Extent 171p
365 ## - TRADE PRICE
Price type code GBP
Price amount 29.99
942 ## - ADDED ENTRY ELEMENTS (KOHA)
Source of classification or shelving scheme Colon Classification (CC)
Koha item type Textual
Classification part YX Q8
Suppress in OPAC No
Holdings
Withdrawn status Lost status Source of classification or shelving scheme Damaged status Not for loan Home library Current library Date acquired Source of acquisition Total Checkouts Full call number Barcode Date last seen Price effective from Koha item type
    Colon Classification (CC)     Department of Social Work Library Department of Social Work Library 2026-05-11 Better Book Service   YX Q8 SW0032449 2026-05-11 2026-05-11 Textual
Copyright @ Delhi University Library System